[Event "Istanbul Open 2018"]
[Site "Istanbul"]
[Date "2018.09.06"]
[Round "7"]
[White "Abishli, Oghuz"]
[Black "Akin, Yagiz Cinar"]
[Result "0-1"]
[WhiteElo "2099"]
[BlackElo "1963"]
[Annotator "NA RC"]
[PlyCount "160"]
[EventDate "2018.09.02"]
[EventType "swiss"]
[EventCountry "TUR"]
[SourceTitle "playchess.com"]
[Source "ChessBase"]
[SourceQuality "1"]
[TimeControl "5400+30"]

1. d4 {[%emt 0:00:30]} g6 {[%emt 0:00:30]} 2. c4 {[%emt 0:00:00]} Bg7 {[%emt 0:00:00]} 3. Nc3 {[%emt 0:00:00]} d6 {[%emt 0:00:00]} 4. e4 {[%emt 0:00:00]} e5 {[%emt 0:00:00]} 5. d5 {[%emt 0:00:00]} Nd7 {[%emt 0:00:00]} 6. Be2 {[%emt 0:00:30]} Ne7 {[%emt 0:00:30]} 7. h4 {[%emt 0:00:30] A42: Moderne Verteidigung (mit c2-c4/ohne Sf6)} h6 {[%emt 0:00:30]} (7... h5 8. Nh3 a5 9. Be3 Bh6 10. Bxh6 Rxh6 11. Qd2 Rh8 12. O-O-O Kf8 13. Ng5 Ng8 14. Rdf1 Kg7 {1-0 (25) Bai,J (2594)-Gao,R (2561) Tianjin 2018}) 8. h5 {[%emt 0:00:30]} g5 {[%emt 0:00:30]} 9. g4 {[%emt 0:01:30]} a5 $146 {[%emt 0:02:30]} ({Vorgänger:} 9... O-O 10. f3 a5 11. Nh3 f6 12. Nf2 Nc5 13. O-O c6 14. Be3 Na6 {1-0 (45) Mont Reynaud,J (2282)-Pizarro,P (2164) ICC INT 2000}) 10. Be3 {[%emt 0:03:30]} b6 {[%emt 0:04:30]} 11. Nf3 {[%emt 0:07:30]} Nf6 {[%emt 0:04:30]} 12. Nd2 {[%emt 0:00:30]} O-O {[%emt 0:04:30]} 13. f3 {[%emt 0:02:30]} Nd7 {[%emt 0:01:30]} 14. a3 {[%emt 0:10:30]} c5 {[%emt 0:07:30]} 15. Nf1 {[%emt 0:15:30]} Nf6 {[%emt 0:04:30]} 16. Ng3 {[%emt 0:03:30]} Ne8 {[%emt 0:00:00]} 17. Bf1 {[%emt 0:02:30]} Nc7 {[%emt 0:01:00]} 18. Rh2 {[%emt 0:02:30]} Bd7 {[%emt 0:03:30]} 19. Rb1 {[%emt 0:06:30]} Na6 {[%emt 0:05:30]} 20. b3 {[%emt 0:02:30]} f6 {[%emt 0:05:30]} 21. Rhb2 {[%emt 0:09:30]} Rb8 {[%emt 0:05:30]} 22. Qd2 {[%emt 0:04:30]} Rb7 {[%emt 0:05:30]} 23. Na2 {[%emt 0:02:30]} Qa8 {[%emt 0:05:30]} 24. Bd3 {[%emt 0:01:30]} Rfb8 {[%emt 0:02:30]} 25. Nc3 {[%emt 0:00:30]} Ra7 {[%emt 0:02:30]} 26. Nb5 {[%emt 0:03:30]} Bxb5 {[%emt 0:01:30]} 27. cxb5 {[%emt 0:00:30]} Nc7 {[%emt 0:00:00]} 28. b4 {[%emt 0:00:00]} axb4 {[%emt 0:01:00]} 29. axb4 {[%emt 0:00:00]} Ne8 {[%emt 0:03:30]} 30. Bc4 {[%emt 0:00:30]} Ra4 {[%emt 0:05:30]} 31. Ra2 {[%emt 0:02:16]} Rxa2 {[%emt 0:01:30]} 32. Qxa2 {[%emt 0:00:05]} Qxa2 {[%emt 0:00:30]} 33. Bxa2 {[%emt 0:00:09]} Kf8 {[%emt 0:01:30]} 34. Rd1 {[%emt 0:09:27]} Ra8 {[%emt 0:03:30]} 35. Rd2 {[%emt 0:00:09]} Ra3 {[%emt 0:01:03]} 36. Kf2 {[%emt 0:00:35]} f5 {[%emt 0:03:59]} 37. gxf5 {[%emt 0:01:04]} Nc8 {[%emt 0:04:16]} 38. Bc4 {[%emt 0:01:33]} Bf6 {[%emt 0:02:00]} 39. Ne2 {[%emt 0:01:07]} Ke7 {[%emt 0:02:14]} 40. Rb2 {[%emt 0:01:00]} cxb4 {[%emt 0:06:28]} 41. Rxb4 {[%emt 0:00:41]} Kd7 {[%emt 0:00:05]} 42. Bc1 {[%emt 0:03:16]} Ra8 {[%emt 0:01:39]} 43. Bd3 {[%emt 0:00:24]} Ra2 {[%emt 0:00:32]} 44. Bc4 {[%emt 0:00:33]} Ra8 {[%emt 0:00:03]} 45. Rb2 {[%emt 0:00:08]} Nc7 {[%emt 0:00:11]} 46. Be3 {[%emt 0:00:37]} Ra4 {[%emt 0:00:34]} 47. Bd3 {[%emt 0:00:19]} Ra3 {[%emt 0:00:18]} 48. Nc1 {[%emt 0:00:09]} Nxd5 $1 {[%emt 0:01:24]} 49. exd5 {[%emt 0:01:06]} e4 {[%emt 0:00:05]} 50. Ra2 {[%emt 0:00:10]} Rxa2+ {[%emt 0:00:05]} 51. Nxa2 {[%emt 0:00:05]} exd3 {[%emt 0:00:06]} 52. Nb4 {[%emt 0:00:07]} Na7 {[%emt 0:01:45]} 53. f4 {[%emt 0:01:47]} g4 {[%emt 0:00:19]} 54. Nxd3 {[%emt 0:02:41]} Nxb5 {[%emt 0:00:24]} 55. Bxb6 {[%emt 0:00:16]} Nc3 {[%emt 0:00:05]} 56. Nb4 {[%emt 0:01:11]} Ne4+ {[%emt 0:00:36]} 57. Kg2 {[%emt 0:01:11]} Bc3 {[%emt 0:00:51]} 58. Nc2 {[%emt 0:01:02]} Nf6 {[%emt 0:01:00]} 59. Kg3 {[%emt 0:01:48]} Nxd5 {[%emt 0:00:56]} 60. Bf2 {[%emt 0:00:15]} Nf6 {[%emt 0:00:07]} 61. Ne3 $2 {[%emt 0:00:28]} (61. Kh4 $11 {and White has nothing to worry.}) 61... Ne4+ {[%emt 0:00:32]} 62. Kxg4 {[%emt 0:00:36]} Nxf2+ {[%emt 0:00:05]} 63. Kf3 {[%emt 0:00:00]} Nd3 {[%emt 0:01:10]} 64. Ng4 {[%emt 0:00:08]} Bg7 {[%emt 0:00:46]} 65. Ke4 {[%emt 0:00:48]} Nc5+ {[%emt 0:00:28]} 66. Kd5 {[%emt 0:00:04]} Nd3 {[%emt 0:00:09]} 67. Ke4 {[%emt 0:00:03]} Nc5+ {[%emt 0:00:03]} 68. Kd5 {[%emt 0:00:03]} Na4 {[%emt 0:00:42]} 69. f6 {[%emt 0:01:41]} Bf8 {[%emt 0:00:06]} 70. f5 {[%emt 0:00:34]} Nc3+ {[%emt 0:00:20]} 71. Kc4 {[%emt 0:00:46]} Ne4 {[%emt 0:00:12]} 72. Kd5 {[%emt 0:00:50]} Ng3 {[%emt 0:00:21]} 73. f7 {[%emt 0:00:09]} Nxh5 {[%emt 0:01:35]} 74. f6 {[%emt 0:00:19]} Ng3 {[%emt 0:00:10]} 75. Nh2 {[%emt 0:00:20]} h5 {[%emt 0:00:08]} 76. Nf3 {[%emt 0:00:06]} Nf5 {[%emt 0:00:46]} 77. Ng5 {[%emt 0:00:16]} Nh4 {[%emt 0:01:26]} 78. Ke4 {[%emt 0:00:27]} Bh6 {[%emt 0:00:50]} 79. Nh7 {[%emt 0:01:41]} Ng6 {[%emt 0:00:16]} 80. Kf5 {[%emt 0:00:52] [#]} Nf8 {[%emt 0:00:06]} 0-1

[Event "Istanbul Open 2018"]
[Site "Istanbul"]
[Date "2018.09.06"]
[Round "7"]
[White "Guven, Oguz Kagan"]
[Black "Eryigit, Yakup"]
[Result "1/2-1/2"]
[WhiteElo "2022"]
[BlackElo "2030"]
[Annotator "NA RC"]
[PlyCount "100"]
[EventDate "2018.09.02"]
[EventType "swiss"]
[EventCountry "TUR"]
[SourceTitle "playchess.com"]
[Source "ChessBase"]
[SourceQuality "1"]
[TimeControl "5400+30"]

1. e4 {[%emt 0:02:30]} c5 {[%emt 0:01:30]} 2. Nf3 {[%emt 0:00:00]} e6 {[%emt 0:00:30]} 3. d4 {[%emt 0:00:00]} cxd4 {[%emt 0:00:30]} 4. Nxd4 {[%emt 0:00:00]} a6 {[%emt 0:00:30]} 5. Bd3 {[%emt 0:00:00]} Nf6 {[%emt 0:01:30]} 6. O-O {[%emt 0:00:30]} Qc7 {[%emt 0:00:30]} 7. c4 {[%emt 0:04:30]} Nc6 {[%emt 0:02:30]} 8. Nxc6 {[%emt 0:01:30]} dxc6 {[%emt 0:00:30]} 9. Bg5 {[%emt 0:02:30] B42: Sicilian: Kan Variation: 5 Bd3} (9. Be3 e5 10. f3 Be6 11. c5 Nd7 12. Qc2 Be7 13. Nd2 a5 14. Be2 O-O 15. b3 Rfd8 16. Rfd1 h6 17. a3 Bg5 18. Bf2 {0-1 (50) Dvoirys,S (2569)-Bocharov,D (2618) Irkutsk 2010}) 9... Bc5 {[%emt 0:21:30]} 10. Nc3 {[%emt 0:01:30]} e5 {[%emt 0:02:30]} 11. Rb1 $146 {[%emt 0:06:30]} ({Predecessor:} 11. h3 Be6 12. Qe2 h6 13. Be3 Nd7 14. Na4 Bxe3 15. Qxe3 b6 16. b4 O-O 17. a3 Rfd8 18. Rad1 {0-1 (36) Qin,O (1495)-Gong,D (2295) Auckland 2017}) 11... Bg4 {[%emt 0:04:30]} 12. Qc2 {[%emt 0:01:30]} Qe7 {[%emt 0:11:30]} 13. Be2 {[%emt 0:07:30]} Be6 {[%emt 0:02:30]} 14. Na4 {[%emt 0:11:30]} Bd4 {[%emt 0:00:30]} 15. b4 {[%emt 0:01:30]} O-O {[%emt 0:01:30]} 16. c5 {[%emt 0:00:30]} h6 {[%emt 0:00:30]} 17. Bh4 {[%emt 0:00:30]} g5 {[%emt 0:02:30]} 18. Bg3 {[%emt 0:00:30]} Kg7 {[%emt 0:01:30]} 19. Nb6 {[%emt 0:09:30]} Rad8 {[%emt 0:00:30]} 20. Bc4 {[%emt 0:02:30]} h5 {[%emt 0:01:30]} 21. h3 {[%emt 0:15:30]} h4 {[%emt 0:05:30]} 22. Bh2 {[%emt 0:00:00]} g4 {[%emt 0:00:30]} 23. hxg4 {[%emt 0:08:00]} Nxg4 {[%emt 0:01:30]} 24. Rb3 {[%emt 0:02:30]} Rh8 {[%emt 0:00:30]} 25. Bxe6 {[%emt 0:02:12]} fxe6 {[%emt 0:02:30]} 26. Nc4 {[%emt 0:08:01]} Rdf8 {[%emt 0:00:30]} 27. Ne3 {[%emt 0:02:48]} Bxe3 {[%emt 0:02:30]} 28. Rxe3 {[%emt 0:00:01]} Nxe3 {[%emt 0:00:30]} 29. Bxe5+ {[%emt 0:00:01]} Kg8 {[%emt 0:01:30]} 30. fxe3 {[%emt 0:00:00]} Rxf1+ {[%emt 0:00:30]} 31. Kxf1 {[%emt 0:00:11]} Rh5 {[%emt 0:01:30]} 32. Bd6 {[%emt 0:00:00]} Qf6+ {[%emt 0:01:30]} 33. Kg1 {[%emt 0:01:15]} h3 {[%emt 0:02:30]} 34. gxh3 {[%emt 0:00:01]} Rg5+ {[%emt 0:00:30]} 35. Kh2 {[%emt 0:00:19] [#]} e5 $1 {[%emt 0:04:30]} ({Less strong is} 35... Qf1 36. Bg3 $17) 36. Qe2 {[%emt 0:00:40]} Rg7 {[%emt 0:04:05]} 37. a3 {[%emt 0:00:58]} Rg6 {[%emt 0:04:42]} 38. Qc4+ {[%emt 0:01:06]} (38. Bb8 $142 Kf8 39. Bd6+ Ke8 40. Qb2) 38... Kg7 {[%emt 0:01:35]} 39. Qe2 {[%emt 0:00:01]} Rg5 {[%emt 0:02:37]} (39... b5 $142 40. Bc7 Kf8) 40. a4 {[%emt 0:01:10]} Kf7 {[%emt 0:03:30]} 41. Qa2+ {[%emt 0:01:12] [#]} Ke8 $1 {[%emt 0:00:23]} 42. b5 {[%emt 0:00:11]} cxb5 {[%emt 0:00:26]} 43. axb5 {[%emt 0:00:01] [#]} a5 $1 {[%emt 0:01:01]} 44. b6 {[%emt 0:00:34] [#]} Rg7 $2 {[%emt 0:02:37]} ({Günstiger ist} 44... Kd8 $1 $19 45. Qd2 Kc8) 45. Qa4+ $1 {[%emt 0:00:42]} Rd7 {[%emt 0:00:58]} (45... Kd8 $5 46. Bc7+ $8 Ke7 47. Bd6+ Kf7 48. Qd7+ Kg6 49. Qe8+ Qf7 50. Qxe5 Qf2+ 51. Kh1 a4 $11) 46. Qxa5 {[%emt 0:03:24]} Qf2+ {[%emt 0:00:54]} 47. Kh1 {[%emt 0:00:01]} Qf3+ {[%emt 0:00:21]} 48. Kh2 {[%emt 0:00:02]} Qf2+ {[%emt 0:02:34]} 49. Kh1 {[%emt 0:00:01]} Qf3+ {[%emt 0:00:50]} 50. Kh2 {[%emt 0:00:01]} Qf2+ $11 {[%emt 0:00:05]} 1/2-1/2

[Event "Istanbul Open 2018"]
[Site "Istanbul"]
[Date "2018.09.06"]
[Round "7"]
[White "Kuseyri, Mehmet Ali"]
[Black "Asgarov, Nihad"]
[Result "1/2-1/2"]
[WhiteElo "1962"]
[BlackElo "1937"]
[Annotator "NA RC"]
[PlyCount "111"]
[EventDate "2018.09.02"]
[EventType "swiss"]
[EventCountry "TUR"]
[SourceTitle "playchess.com"]
[Source "ChessBase"]
[SourceQuality "1"]
[TimeControl "5400+30"]

1. d4 {[%emt 0:00:30]} d5 {[%emt 0:00:30]} 2. c4 {[%emt 0:00:00]} e6 {[%emt 0:00:00]} 3. Nc3 {[%emt 0:00:00]} Be7 {[%emt 0:00:00]} 4. Nf3 {[%emt 0:00:00]} Nf6 {[%emt 0:00:30]} 5. cxd5 {[%emt 0:01:00]} exd5 {[%emt 0:00:00]} 6. Bf4 {[%emt 0:00:00]} O-O {[%emt 0:01:00]} 7. Qc2 {[%emt 0:01:00]} c6 {[%emt 0:03:30]} 8. h3 {[%emt 0:01:30] D35: Queen's Gambit Declined: Exchange Variation} Bd6 {[%emt 0:05:30]} 9. Bg5 {[%emt 0:01:30]} h6 {[%emt 0:00:30]} 10. Bh4 {[%emt 0:00:30]} Nbd7 $146 {[%emt 0:02:30]} ({Predecessor:} 10... g5 11. Bg3 Bxg3 12. fxg3 Nh5 13. Kf2 Qd6 14. e4 Nxg3 {0-1 (46) Ivanisevic,I (2613)-Kramnik,V (2760) Tromsoe 2014}) 11. g4 {[%emt 0:03:30]} Qc7 {[%emt 0:02:30]} 12. g5 {[%emt 0:05:30]} hxg5 {[%emt 0:00:00]} 13. Nxg5 {[%emt 0:00:30]} Re8 {[%emt 0:02:00]} 14. O-O-O {[%emt 0:02:30]} Nf8 {[%emt 0:00:30]} 15. Rg1 {[%emt 0:00:30]} Bf4+ {[%emt 0:03:30]} 16. e3 {[%emt 0:01:30]} Rxe3 {[%emt 0:00:00]} 17. Kb1 {[%emt 0:00:30]} Re8 {[%emt 0:13:00]} 18. Bd3 {[%emt 0:00:30]} Ng6 {[%emt 0:13:30]} 19. Bxg6 {[%emt 0:02:30]} fxg6 {[%emt 0:02:30]} 20. Qxg6 {[%emt 0:01:30]} Bxg5 {[%emt 0:00:30]} 21. Rxg5 {[%emt 0:02:30]} Qf7 {[%emt 0:00:00]} 22. Qxf7+ {[%emt 0:02:30]} Kxf7 {[%emt 0:00:00]} 23. Rdg1 {[%emt 0:02:30]} Rg8 {[%emt 0:00:30]} 24. R1g3 {[%emt 0:01:30]} g6 {[%emt 0:04:30]} 25. Re5 {[%emt 0:03:30]} Rh8 {[%emt 0:02:30]} 26. Bxf6 {[%emt 0:01:30]} Kxf6 {[%emt 0:00:30]} 27. Ree3 {[%emt 0:01:30]} Bf5+ {[%emt 0:00:30]} 28. Kc1 {[%emt 0:00:30]} Rh4 {[%emt 0:00:00]} 29. Ne2 {[%emt 0:00:30]} Rah8 {[%emt 0:00:00]} 30. Ra3 {[%emt 0:03:30]} a6 {[%emt 0:00:30]} 31. Rab3 {[%emt 0:00:00]} R8h7 {[%emt 0:00:30]} 32. Rge3 {[%emt 0:02:00]} Rxh3 {[%emt 0:00:30]} 33. Ng3 {[%emt 0:00:30]} R3h4 {[%emt 0:02:30]} 34. Ne2 {[%emt 0:00:00]} Rh2 {[%emt 0:04:30]} 35. Rf3 {[%emt 0:03:00]} Rh1+ {[%emt 0:02:30]} 36. Kd2 {[%emt 0:00:00]} R1h4 {[%emt 0:02:30]} 37. Kc3 {[%emt 0:02:00]} Re4 {[%emt 0:01:30]} 38. Ng3 {[%emt 0:01:30]} Re1 {[%emt 0:00:30]} 39. Kb4 {[%emt 0:01:30]} Rc1 {[%emt 0:01:30]} 40. Rbc3 {[%emt 0:01:30]} Rd1 {[%emt 0:01:30]} 41. Rf4 $2 {[%emt 0:02:30]} (41. Nxf5 $17 {was called for.} gxf5 42. Rcd3 Rxd3 43. Rxd3) 41... Rd2 {[%emt 0:01:30]} 42. Rcf3 $19 {[%emt 0:03:30]} Rxb2+ {[%emt 0:02:30]} 43. Ka3 {[%emt 0:00:00]} Rd2 {[%emt 0:00:30]} 44. Nxf5 {[%emt 0:00:00]} gxf5 {[%emt 0:00:00]} 45. Rxf5+ {[%emt 0:00:00]} Ke6 {[%emt 0:01:00]} 46. Rf6+ {[%emt 0:01:00]} Ke7 {[%emt 0:00:00]} 47. R6f4 {[%emt 0:00:00]} Kd7 {[%emt 0:05:00]} 48. Kb3 {[%emt 0:01:00]} Kc7 {[%emt 0:00:00]} 49. a3 {[%emt 0:00:30]} Kb6 {[%emt 0:02:00]} 50. Kc3 {[%emt 0:00:30]} Rd1 {[%emt 0:00:30]} 51. Kc2 {[%emt 0:00:00]} Rhh1 {[%emt 0:00:00]} 52. Rb3+ {[%emt 0:00:00]} Ka5 {[%emt 0:03:00]} 53. Rxb7 {[%emt 0:01:30]} Rc1+ {[%emt 0:01:30]} 54. Kd2 {[%emt 0:00:00]} Rhd1+ {[%emt 0:00:30]} 55. Ke2 {[%emt 0:00:00]} Re1+ {[%emt 0:00:30]} 56. Kd2 {[%emt 0:04:30]} 1/2-1/2

[Event "Istanbul Open 2018"]
[Site "Istanbul"]
[Date "2018.09.06"]
[Round "7"]
[White "Tirak, Mert"]
[Black "Ozkan, Taha"]
[Result "1-0"]
[WhiteElo "1941"]
[BlackElo "1997"]
[Annotator "NA RC"]
[PlyCount "69"]
[EventDate "2018.09.02"]
[EventType "swiss"]
[EventCountry "TUR"]
[SourceTitle "playchess.com"]
[Source "ChessBase"]
[SourceQuality "1"]
[TimeControl "5400+30"]

1. e4 {[%emt 0:27:30]} e6 {[%emt 0:00:30]} 2. b3 {[%emt 0:02:30]} d5 {[%emt 0:00:00]} 3. Bb2 {[%emt 0:00:00]} dxe4 {[%emt 0:00:00]} 4. Nc3 {[%emt 0:00:00] C00: French: Unusual White 2nd moves} Nf6 {[%emt 0:00:00]} 5. Nge2 {[%emt 0:00:30]} (5. Qe2 Nc6 6. Nxe4 Nxe4 7. Qxe4 Qd5 8. Qxd5 exd5 9. O-O-O f6 10. Ne2 Bc5 11. Nf4 Ne7 12. Re1 Kf7 13. f3 Bd6 {½-½ (35) Gelashvili,T (2556)-Azaladze,S (2464) Tbilisi 2017}) 5... b6 {[%emt 0:02:00]} 6. Ng3 {[%emt 0:00:00]} Bb7 {[%emt 0:00:30]} 7. Qe2 {[%emt 0:00:00]} Be7 $146 {[%emt 0:00:30]} ({Predecessor:} 7... Ba6 8. Qe3 Bc5 9. Qf4 g5 10. Qxg5 Rg8 11. Qf4 Rg4 12. Qh6 Rg6 13. Qf4 Rg4 14. Qh6 {½-½ (14) De Filippis,F (2424)-Delizia,C (2344) ICCF email 2012}) 8. Ngxe4 {[%emt 0:00:30]} O-O {[%emt 0:01:30]} 9. O-O-O {[%emt 0:00:30]} Nc6 {[%emt 0:06:30]} 10. f3 {[%emt 0:03:30]} a5 {[%emt 0:06:30]} 11. a4 {[%emt 0:01:30]} Nd4 {[%emt 0:04:30]} 12. Qf2 {[%emt 0:00:30]} e5 {[%emt 0:12:30]} 13. g4 {[%emt 0:03:30]} c6 {[%emt 0:09:30]} 14. Nxf6+ {[%emt 0:11:30]} Bxf6 {[%emt 0:00:00]} 15. h4 {[%emt 0:00:30]} b5 {[%emt 0:03:00]} 16. Qg3 {[%emt 0:11:30]} c5 {[%emt 0:06:30]} 17. g5 {[%emt 0:03:30]} Be7 {[%emt 0:11:30]} 18. Nxb5 {[%emt 0:00:30]} Bxf3 {[%emt 0:01:30] [#]} 19. Nxd4 $1 {[%emt 0:01:30]} Bxh1 {[%emt 0:02:30]} 20. Nf5 {[%emt 0:01:30]} Re8 $2 {[%emt 0:04:30]} (20... Bd6 21. Re1 (21. Bxe5 Bxe5 22. Qxe5 f6 $14) 21... Bb7) 21. Nxg7 {[%emt 0:09:30]} Kxg7 {[%emt 0:03:30]} 22. Qxe5+ {[%emt 0:00:30]} f6 {[%emt 0:00:30]} 23. gxf6+ {[%emt 0:00:30]} Bxf6 {[%emt 0:00:30]} 24. Qg5+ {[%emt 0:00:00]} Kf7 {[%emt 0:02:30]} 25. Bc4+ {[%emt 0:00:00]} Re6 {[%emt 0:00:30]} 26. Rf1 {[%emt 0:02:00]} Ke7 {[%emt 0:06:35]} 27. Bxf6+ {[%emt 0:00:19]} Rxf6 {[%emt 0:00:40]} 28. Qxf6+ {[%emt 0:00:11]} Kd7 {[%emt 0:00:06]} 29. Qe6+ {[%emt 0:00:58]} Kc7 {[%emt 0:00:05]} 30. Rf7+ {[%emt 0:00:23]} Kb8 {[%emt 0:00:31]} 31. Qe5+ {[%emt 0:00:09]} Kc8 {[%emt 0:00:23]} 32. Be6+ {[%emt 0:00:30]} Qd7 {[%emt 0:00:39]} 33. Bxd7+ {[%emt 0:00:30]} Kb7 {[%emt 0:00:45]} 34. Bb5+ {[%emt 0:00:00]} Kc8 {[%emt 0:00:08]} 35. Qh8# {[%emt 0:00:00]} 1-0

[Event "Istanbul Open 2018"]
[Site "Istanbul"]
[Date "2018.09.06"]
[Round "7"]
[White "Aydin, Kaan Ayhan"]
[Black "Gonullu, Muhammed Sinan"]
[Result "1/2-1/2"]
[WhiteElo "1877"]
[BlackElo "1816"]
[Annotator "NA RC"]
[PlyCount "152"]
[EventDate "2018.09.02"]
[EventType "swiss"]
[EventCountry "TUR"]
[SourceTitle "playchess.com"]
[Source "ChessBase"]
[SourceQuality "1"]
[TimeControl "5400+30"]

1. e4 {[%emt 0:00:30]} c5 {[%emt 0:03:30]} 2. Nf3 {[%emt 0:00:30]} g6 {[%emt 0:00:00]} 3. d4 {[%emt 0:00:00]} Bg7 {[%emt 0:00:00]} 4. dxc5 {[%emt 0:00:00]} Qa5+ {[%emt 0:00:30]} 5. Nc3 {[%emt 0:00:30]} Qxc5 {[%emt 0:03:30]} 6. Nd5 {[%emt 0:02:30]} Qa5+ {[%emt 0:03:30] B27: Sicilian: 2 Nf3, unusual Black 2nd moves} 7. Bd2 {[%emt 0:02:30]} Qd8 {[%emt 0:00:00]} 8. Bc3 {[%emt 0:05:30]} Bxc3+ {[%emt 0:00:00]} 9. Nxc3 {[%emt 0:00:30]} Nc6 {[%emt 0:00:30]} 10. Qd2 {[%emt 0:00:30]} (10. Bc4 Nf6 11. e5 Nh5 12. Qd2 Qa5 13. O-O-O Qb4 14. Bb3 {1-0 (35) Varga,Z (2441)-Petakov,U (2348) Stari Banovci 2013}) 10... d6 {[%emt 0:00:00]} 11. O-O-O {[%emt 0:00:30]} Bg4 {[%emt 0:01:00]} 12. h3 $146 {[%emt 0:00:30]} ({Predecessor:} 12. Nd5 Rc8 13. Bb5 a6 14. Bxc6+ bxc6 {½-½ (31) Vegh,E (2260)-Hajbok,R (2261) Hungary 2010}) 12... Bxf3 {[%emt 0:00:00]} 13. gxf3 {[%emt 0:00:00]} Qa5 {[%emt 0:02:00]} 14. Kb1 {[%emt 0:00:00]} O-O-O {[%emt 0:00:30]} 15. f4 {[%emt 0:04:30]} Nf6 {[%emt 0:01:30]} 16. Rg1 {[%emt 0:03:30]} h6 {[%emt 0:04:30]} 17. Bc4 {[%emt 0:00:30]} e6 {[%emt 0:00:30]} 18. Bb3 {[%emt 0:02:30]} Kb8 {[%emt 0:02:30]} 19. Rg3 {[%emt 0:03:30]} a6 {[%emt 0:07:30]} 20. Rd3 {[%emt 0:04:30]} Ne8 {[%emt 0:00:30]} 21. Qe3 {[%emt 0:10:30]} Qc7 {[%emt 0:09:30]} 22. Na4 {[%emt 0:11:30]} b5 {[%emt 0:01:30]} 23. Nc3 {[%emt 0:00:30]} Qa7 {[%emt 0:00:30]} 24. Qxa7+ {[%emt 0:05:30]} Kxa7 {[%emt 0:00:30]} 25. Ne2 {[%emt 0:01:30]} Kb6 {[%emt 0:02:30]} 26. c4 {[%emt 0:01:30]} Na5 {[%emt 0:11:30]} 27. cxb5 {[%emt 0:00:30]} axb5 {[%emt 0:00:30]} 28. Nd4 {[%emt 0:05:30]} Nf6 {[%emt 0:00:30]} 29. f3 {[%emt 0:00:30]} Nb7 {[%emt 0:05:30]} 30. Ne2 {[%emt 0:14:44]} Rd7 {[%emt 0:00:30]} 31. Rc3 {[%emt 0:00:41]} Rc7 {[%emt 0:00:30]} 32. Rxc7 {[%emt 0:00:41]} Kxc7 {[%emt 0:00:30]} 33. Nd4 {[%emt 0:00:46]} Kb6 {[%emt 0:00:30]} 34. Rc1 {[%emt 0:00:46]} Nc5 {[%emt 0:00:00]} 35. Bd1 {[%emt 0:06:03]} e5 {[%emt 0:01:00]} 36. fxe5 {[%emt 0:01:48]} dxe5 {[%emt 0:00:00]} 37. b4 {[%emt 0:01:35]} exd4 {[%emt 0:00:00]} 38. Rxc5 {[%emt 0:00:57]} Rd8 {[%emt 0:00:30]} 39. Kc1 {[%emt 0:00:31]} Ne8 {[%emt 0:00:30]} 40. Bb3 {[%emt 0:01:32]} Nc7 {[%emt 0:04:30]} 41. Bd5 {[%emt 0:04:57]} Rd6 {[%emt 0:01:30]} 42. a3 {[%emt 0:02:13]} Nxd5 {[%emt 0:01:30]} 43. exd5 {[%emt 0:00:22]} Rf6 {[%emt 0:00:30]} 44. Kd2 {[%emt 0:00:16]} g5 {[%emt 0:00:30]} 45. Kd3 {[%emt 0:00:28]} Rxf3+ {[%emt 0:01:30]} 46. Kxd4 {[%emt 0:00:03]} Rxa3 {[%emt 0:00:30]} 47. Rc6+ {[%emt 0:01:23]} Kb7 {[%emt 0:00:00]} 48. Rxh6 {[%emt 0:00:11]} f5 {[%emt 0:01:00]} 49. Rh5 {[%emt 0:01:04]} Rg3 {[%emt 0:00:30]} 50. Kc5 {[%emt 0:00:07]} f4 {[%emt 0:00:30]} 51. Rh7+ {[%emt 0:00:57]} ({Resist} 51. Kxb5 $6 Kc7 $16) 51... Kc8 {[%emt 0:00:30] [#]} 52. Kxb5 {[%emt 0:00:12]} (52. Kc6 $1 $16 {[%cal Rh7h8]} Rc3+ 53. Kxb5) 52... Rc3 {[%emt 0:01:30]} 53. Rg7 {[%emt 0:00:30]} Rxh3 {[%emt 0:01:30]} 54. Rxg5 {[%emt 0:00:06]} Kc7 {[%emt 0:00:00]} 55. Rf5 {[%emt 0:00:10]} Rf3 {[%emt 0:01:00]} 56. Kc5 {[%emt 0:00:21]} Rc3+ {[%emt 0:00:00]} 57. Kd4 {[%emt 0:00:18]} Rb3 {[%emt 0:00:00]} 58. Kc4 {[%emt 0:00:13]} Rf3 {[%emt 0:00:30]} 59. b5 {[%emt 0:00:08]} Rf1 {[%emt 0:00:00]} 60. Rf7+ {[%emt 0:01:35]} Kd6 $1 {[%emt 0:00:00]} 61. b6 {[%emt 0:00:16]} f3 {[%emt 0:00:30]} 62. Rf6+ {[%emt 0:02:42]} Kd7 {[%emt 0:00:30]} 63. Rf7+ {[%emt 0:01:37]} Kd6 {[%emt 0:00:00]} 64. b7 {[%emt 0:00:00]} Rb1 {[%emt 0:01:00]} 65. Rxf3 {[%emt 0:00:56]} Rxb7 {[%emt 0:00:00]} 66. Rf6+ {[%emt 0:00:11]} Kc7 {[%emt 0:01:00]} 67. Rf7+ {[%emt 0:00:09]} Kc8 {[%emt 0:00:30]} 68. Rxb7 {[%emt 0:00:03]} Kxb7 {[%emt 0:00:00]} 69. Kd4 {[%emt 0:00:33]} Kc7 {[%emt 0:00:00]} 70. Ke5 {[%emt 0:00:10]} Kd7 {[%emt 0:00:00]} 71. d6 {[%emt 0:00:06]} Kd8 {[%emt 0:00:00]} 72. Kf6 {[%emt 0:00:06]} Kd7 {[%emt 0:00:30]} 73. Ke5 {[%emt 0:00:03]} Kd8 $11 {[%emt 0:01:30]} 74. Ke6 {[%emt 0:00:08]} Ke8 {[%emt 0:00:00]} 75. Kf5 {[%emt 0:00:29]} Kd7 {[%emt 0:00:00]} 76. Ke4 {[%emt 0:00:01]} Kxd6 {[%emt 0:00:30]} 1/2-1/2